Microsott Office Communications Server 2007 (Record no. 32615)

MARC details
000 -LEADER
fixed length control field 00400nam a2200169Ia 4500
020 ## - INTERNATIONAL STANDARD BOOK NUMBER
ISBN 978-0-7356-1
100 ## - STATEMENT OF RESPONSIBILITY--MAIN AUTHOR NAME
Personal name Buxh Jwewmy
245 #0 - TITLE STATEMENT
Title Microsott Office Communications Server 2007
260 ## - PUBLICATION, DISTRIBUTION, ETC. (IMPRINT)
Place of publication Washinton
260 ## - PUBLICATION, DISTRIBUTION, ETC. (IMPRINT)
Name of publisher Microsoft Press
260 ## - PUBLICATION, DISTRIBUTION, ETC. (IMPRINT)
Year of publication 2008
300 ## - PHYSICAL DESCRIPTION
Number of Pages 758 p
650 ## - SUBJECT ADDED ENTRY--TOPICAL TERM
Topical Term Soft Ware
942 ## - ADDED ENTRY ELEMENTS (KOHA)
Koha item type Books
Holdings
Withdrawn status Lost status Source of classification or shelving scheme Damaged status Not for loan Permanent Location Current Location Date acquired Accession Number Price effective from Koha item type
    Library of Congress Classification     NILE UNIVERSITY OF NIGERIA - MAIN LIBRARY NILE UNIVERSITY OF NIGERIA - MAIN LIBRARY 04/23/2025 0001264 04/23/2025 Books